• 首页
  • 本馆介绍
  • 公告通知
  • 最新文献
  • 馆藏检索
  • 电子资源
  • 读者导购
  • 参考咨询
  • 我的图书馆
  • 登录
  • 详细信息显示
  • 放入我的书架
  • 预约/预借图书
  • 作者相关作品
  • 分类相关作品
  • 丛书相关作品
  • 出版社相关作品

书目信息

  • 表格格式
  • 工作单格式
  • 卡片格式
题名:
国际标准ISO31/13固体物理学量与单位
    
 
作者: ;国际标准化组织ISO/TC12量、单位,符号、换算系数和换算表技术委员会 制订 ;国际单位制推行委员会办公室 组织翻译
分册:  
出版信息: 北京   计量出版社  1982
页数: 22页
开本: 25cm
丛书名:
单 册:
中图分类: T-651
科图分类:
主题词: 计量单位--固体物理学--国际标准 , 固体物理学--计量单位--国际标准 , 工业技术--规程 , 工业技术--标准
电子资源:
ISBN:
000 01009sam0 2200289 45 guo
001 0633734853
002 0195048786
005 20060912092314.96
010    @dCNY0.25
091    @a15210.180
100    @a19950622d1982 k y0chiy0121 ea
101 1  @achi
102    @aCN@b110000
105    @ay l 000yy
106    @ar
200 10 @a国际标准ISO31/13固体物理学量与单位@f国际标准化组织ISO/TC12技术委员会制订@g国际单位制推行委员会办公室组织翻译@Aguo ji biao zhunISO31/13 gu ti wu li xue liang yu dan wei
210    @a北京@c计量出版社@d1982
215    @a22页@d25cm
606    @a计量单位--固体物理学@x国际标准
606    @a固体物理学--计量单位@x国际标准
606 0  @a工业技术@x规程
606 0  @a工业技术@x标准
690    @aT-651@v3
711 02 @a国际标准化组织ISO/TC12量、单位,符号、换算系数和换算表技术委员会@4制订
712 02 @a国际单位制推行委员会办公室@Aguo ji dan wei zhi tui xing wei yuan hui ban gong shi@4组织翻译
801  0 @aCN@b上海图书馆 @c20060912
905    @a10447@dT-651@e86
    
    国际标准ISO31/13固体物理学量与单位/国际标准化组织ISO/TC12技术委员会制订/国际单位制推行委员会办公室组织翻译.-北京:计量出版社,1982
    22页;25cm
    
    
    ISBN :CNY0.25
    
●
相关链接 在E读中查询图书 在五车中查询图书 在当当中查询图书 在豆瓣中查询图书


正题名:国际标准ISO31/13固体物理学量与单位     索取号:T-651/86         预约/预借

序号 登录号 条形码 馆藏地/架位号 状态 备注
1 0473893   204738935   密集书库/ [索取号:T-651/86] 在馆    
唐山师范学院图书馆 欢迎您!
大连网信软件有限公司© 版权所有